Nba 2k18 All Time Player Ratings - Statistics

General Stats
  • This quiz has been taken 718 times
  • The average score is 14 of 15
Answer Stats
Player Overall % Correct
Larry Bird 98
100%
LeBron James 99
100%
Wilt Chamberlain (Warriors) 98
96%
Michael Jordan 99
95%
Marc Gasol 93
94%
Yao Ming 92
93%
Vince Carter 95
93%
George Gervin 96
93%
Dirk Nowitzki 97
93%
Oscar Robertson 98
93%
Drazen Petrovic 90
92%
Blake Griffin 90
92%
Eddie Jones 88
90%
Shareef Abdur-Rahim 86
88%
Hal Greer 90
87%
No matching quizzes found
Score Distribution
Percent of People with Each Score
Percentile by Number Answered
Your Score History
You have not taken this quiz